00566nam a2200193Ia 4500003000900000008004100009020001800050040001600068080001200084100001700096245009800113250001200211260003200223300001700255650004100272650002500313700001700338700001700355IN-BaIIA211028s9999 xx 000 0 eng d a0-07-112738-0 cIIA Library a66bMCC aMcCabe, W. L 0aUnit operations of chemical engineering.cWarren McCabe, Julian Smith and Peter Harriott  a5th ed. aNew YorkbMcGraw-Hillc1993 axvii, 1130p. aAstronomy and astrophysics thesaurus aChemical engineering aHarriott, P. aSmith, J. C.